000 00919nam a2200229Ii 4500
003 JO-AjNU
008 230605s9999||||xx |||||||||||||| ||und||
017 _a2007/6144
020 _a978-99901-06-61-9
040 _aJO-AjNU
_bara
_erda
_cJO-AjNU
041 _aara
050 1 4 _aKMF1049.2010
100 3 _aتأليف خليفة، محمد سعد؛ م.مشارك أحمد محمد هيكل,
_eauthor
_953058
245 0 0 _aالعقود المسماة في القانون المدني البحريني
250 _aط2
264 3 1 _aالبحرين : جامعة البحرين ، 2010
300 _a510ص
_bيشتمل على مراجع ببلوغرافية ص (485-500)
336 _atext
_btxt
_2rdacontent
337 _aunmediated
_bn
_2rdamedia
338 _avolume
_bnc
_2rdacarrier
650 4 _aالقانون المدني -- البحرين -- العقود -- قوانين وأنظمة -- البحرين
_953059
999 _aA23541
_c27109
_d27109